| 000 | 00486nam a22001817a 4500 | ||
|---|---|---|---|
| 005 | 20170609153022.0 | ||
| 010 | _aENG-118612 | ||
| 020 |
_a9789385288128 _c299.00 |
||
| 035 | _aEN-102144 | ||
| 037 | _bDBAD/PUB | ||
| 082 | _aN | ||
| 100 | _aBedford,Ian | ||
| 245 |
_aA view from the bund / _cbyIan Bedford |
||
| 260 |
_aNew Delhi _bSpeaking Tiger _c2015 |
||
| 270 |
_a4381/4,Ansari Road, Daryaganj, _bNew Delhi _e110002 |
||
| 300 |
_a297p. _c20cm(pbk) |
||
| 942 |
_2ddc _cEN _mBED _hN |
||
| 999 |
_c140972 _d140972 |
||